[Event "Tamil Nadu IM 15th"]
[Site "Chennai"]
[Date "2024.01.25"]
[Round "4"]
[White "Karthik, Rajaa"]
[Black "Dusthageer, Ibrahim M"]
[Result "1-0"]
[WhiteElo "2289"]
[BlackElo "2098"]
[PlyCount "75"]
[EventDate "2024.01.23"]
[EventType "tourn"]
[EventRounds "9"]
[EventCountry "IND"]
[EventCategory "1"]
[SourceTitle "CBM 218 Extra"]
[Source "ChessBase"]
[SourceDate "2024.03.31"]
[SourceVersion "1"]
[SourceVersionDate "2024.03.31"]
[SourceQuality "1"]

1. Nf3 Nf6 2. c4 e6 3. g3 b6 4. Bg2 Bb7 5. 0-0 Be7 6. Nc3 0-0 7. Re1 c5 8. e4 Nc6 9. e5 Ne8 10. d4 Nxd4 11. Nxd4 Bxg2 12. Nxe6 dxe6 13. Kxg2 f6 14. Bf4 fxe5 15. Bxe5 Qc8 16. Qe2 Qc6+ 17. Kg1 Nf6 18. Bf4 Rfe8 19. Qxe6+ Qxe6 20. Rxe6 Bf8 21. Rxe8 Rxe8 22. Kf1 Kf7 23. Rd1 h6 24. Nd5 Rd8 25. Ke2 Nxd5 26. Rxd5 Rxd5 27. cxd5 c4 28. Be3 Kf6 29. Bd4+ Kf5 30. Kf3 h5 31. h3 g6 32. g4+ Kg5 33. Be5 b5 34. d6 b4 35. d7 hxg4+ 36. hxg4 Be7 37. Bc7 b3 38. axb3 1-0

[Event "Madurai Athens of the East op 1st"]
[Site "Madurai"]
[Date "2019.08.13"]
[Round "4"]
[White "Dusthageer, Ibrahim M"]
[Black "Nitin, Senthilvel"]
[Result "0-1"]
[WhiteElo "2156"]
[BlackElo "2358"]
[PlyCount "106"]
[EventDate "2019.08.11"]
[EventType "swiss"]
[EventRounds "10"]
[EventCountry "IND"]
[SourceTitle "CBM 191 Extra"]
[Source "ChessBase"]
[SourceDate "2019.09.30"]
[SourceVersion "1"]
[SourceVersionDate "2019.09.30"]
[SourceQuality "1"]

1. e4 c5 2. Nf3 e6 3. d4 cxd4 4. Nxd4 a6 5. c4 Nf6 6. Bd3 Qc7 7. 0-0 Nc6 8. Nxc6 dxc6 9. Be3 e5 10. f3 Be6 11. Qc2 Be7 12. c5 Nd7 13. Na3 0-0 14. Qf2 Qa5 15. Rfc1 h6 16. Rc3 Rad8 17. Nc2 Qc7 18. Be2 f5 19. exf5 Bxf5 20. Qg3 Nf6 21. Bd4 Rxd4 22. Nxd4 Nh5 23. Nxf5 Nxg3 24. Nxg3 b5 25. Ne4 Rd8 26. Rd1 Rd4 27. a3 a5 28. Rcd3 Qa7 29. Rxd4 Bxc5 30. Nxc5 Qxc5 31. b4 Qa7 32. f4 exd4 33. Bf3 c5 34. bxc5 Qxc5 35. Kf2 d3+ 36. Kg3 Qxa3 37. Be4 d2+ 38. Kf2 Qc5+ 39. Ke2 Qd4 40. Bf3 Qxf4 41. h3 b4 42. Rxd2 a4 43. Rd3 Qe5+ 44. Kd1 Qa1+ 45. Kd2 Qb2+ 46. Ke3 Kf8 47. Rd4 a3 48. Bd5 b3 49. Ra4 Qe5+ 50. Be4 Qc5+ 51. Kf3 a2 52. Kg4 Qg5+ 53. Kf3 Qf6+ 0-1

[Event "Madurai op 1st"]
[Site "Madurai"]
[Date "2017.08.12"]
[Round "1"]
[White "Rony, Varghese"]
[Black "Dusthageer, Ibrahim M"]
[Result "0-1"]
[WhiteElo "1251"]
[BlackElo "2178"]
[PlyCount "66"]
[EventDate "2017.08.12"]
[EventType "swiss"]
[EventRounds "8"]
[EventCountry "IND"]
[SourceTitle "CBM 180 Extra"]
[Source "ChessBase"]
[SourceDate "2017.10.06"]
[SourceVersion "1"]
[SourceVersionDate "2017.10.06"]
[SourceQuality "1"]

1. e4 c5 2. Nc3 e6 3. Nf3 Nc6 4. Bb5 Nd4 5. Bc4 a6 6. a4 Ne7 7. d3 d5 8. Ba2 dxe4 9. dxe4 Nec6 10. 0-0 Bd6 11. Bg5 Nxf3+ 12. Qxf3 Qxg5 13. Rad1 Nd4 14. Qe3 Bf4 15. Qd3 0-0 16. Ne2 Bxh2+ 17. Kxh2 Qh5+ 18. Qh3 Qxh3+ 19. Kxh3 Nxe2 20. e5 Nd4 21. c3 Nc6 22. f4 Rd8 23. Rd6 Rxd6 24. exd6 Bd7 25. Rd1 e5+ 26. Kg3 exf4+ 27. Kxf4 Re8 28. Bd5 h5 29. b4 cxb4 30. cxb4 Nxb4 31. Bxb7 a5 32. Be4 g5+ 33. Kf3 Bg4+ 0-1

[Event "IND-chB 52nd"]
[Site "Dharamshala"]
[Date "2014.05.10"]
[Round "2"]
[White "Dusthageer, Ibrahim M"]
[Black "Sethuraman, SP."]
[Result "0-1"]
[WhiteElo "2168"]
[BlackElo "2582"]
[PlyCount "94"]
[EventDate "2014.05.09"]
[EventType "swiss"]
[EventRounds "13"]
[EventCountry "IND"]
[SourceTitle "CBM 160 Extra"]
[Source "ChessBase"]
[SourceDate "2014.07.01"]
[SourceVersion "1"]
[SourceVersionDate "2014.07.01"]
[SourceQuality "1"]

1. e4 d5 2. exd5 Qxd5 3. Nc3 Qd6 4. d4 Nf6 5. Nf3 g6 6. Bc4 Bg7 7. h3 0-0 8. Be3 a6 9. Ne5 Nc6 10. Nxc6 Qxc6 11. Be2 Rd8 12. Bf3 Qc4 13. Qe2 Qxe2+ 14. Kxe2 Be6 15. Rad1 c6 16. Na4 b5 17. Nc5 Bd5 18. Bf4 Bc4+ 19. Ke1 Nd5 20. Be3 Bxa2 21. b3 e5 22. Bxd5 exd4 23. Bxc6 Rac8 24. Nb7 Rf8 25. Bxd4 Bxd4 26. Rxd4 Rxc6 27. Kd2 Rfc8 28. Rd8+ Rxd8+ 29. Nxd8 Rd6+ 30. Kc3 Rxd8 31. Ra1 Bxb3 32. cxb3 Rd6 33. Ra2 Kg7 34. Kb4 Kf6 35. Re2 Rc6 36. Ka5 h5 37. b4 Kg5 38. g3 h4 39. f4+ Kf6 40. gxh4 Kf5 41. h5 gxh5 42. Re5+ Kxf4 43. Rxh5 f5 44. Rh8 Kg5 45. h4+ Kg6 46. h5+ Kg7 47. Rh6 Rf6 0-1

[Event "IND-chT 33rd"]
[Site "Hyderabad"]
[Date "2013.02.21"]
[Round "2.2"]
[White "Dusthageer, Ibrahim M"]
[Black "Palit, Somak"]
[Result "0-1"]
[WhiteElo "2167"]
[BlackElo "2442"]
[PlyCount "98"]
[EventDate "2013.02.20"]
[EventType "team-swiss"]
[EventRounds "9"]
[EventCountry "IND"]
[SourceTitle "CBM 153 Extra"]
[Source "ChessBase"]
[SourceDate "2013.04.22"]
[SourceVersion "1"]
[SourceVersionDate "2013.04.22"]
[SourceQuality "1"]
[WhiteTeam "Tamil Nadu III"]
[BlackTeam "Indian Railways"]
[WhiteTeamCountry "IND"]
[BlackTeamCountry "IND"]

1. e4 d5 2. exd5 Qxd5 3. Nc3 Qa5 4. d4 Nf6 5. Nf3 Ne4 6. Bd3 Nxc3 7. bxc3 g6 8. 0-0 Bg7 9. Re1 0-0 10. Bd2 Nc6 11. c4 Qa3 12. c3 Nxd4 13. Nxd4 Bxd4 14. cxd4 Qxd3 15. Rxe7 Rd8 16. Bf4 Qxd1+ 17. Rxd1 c6 18. Bc7 Rd7 19. Re8+ Kg7 20. Bf4 b5 21. c5 Bb7 22. Rxa8 Bxa8 23. Re1 Bb7 24. Bd6 f6 25. f3 Kf7 26. Kf2 a5 27. a3 Bc8 28. Ke3 Rd8 29. Kd3 Be6 30. Kc3 Rd7 31. Rb1 Bd5 32. Rb2 g5 33. Rf2 h5 34. g4 Kg6 35. gxh5+ Kxh5 36. f4 g4 37. Re2 Rb7 38. Re7 b4+ 39. axb4 axb4+ 40. Kd3 Rxe7 41. Bxe7 Kh4 42. f5 Kg5 43. Bd8 Kxf5 44. Ba5 b3 45. Bd2 Kg6 46. Bc1 f5 47. Ke2 f4 48. Kd3 Kf5 49. Bd2 g3 0-1

[Event "Wch U20 50th"]
[Site "Chennai"]
[Date "2011.08.15"]
[Round "13"]
[White "Petrisor, Adrian Marian"]
[Black "Dusthageer, Ibrahim M"]
[Result "1/2-1/2"]
[WhiteElo "2408"]
[BlackElo "2212"]
[PlyCount "60"]
[EventDate "2011.08.02"]
[EventType "swiss"]
[EventRounds "13"]
[EventCountry "IND"]
[SourceTitle "CBM 143 Extra"]
[Source "ChessBase"]
[SourceDate "2011.08.29"]
[SourceVersion "1"]
[SourceVersionDate "2011.08.29"]
[SourceQuality "1"]

1. e4 c5 2. c3 Nf6 3. e5 Nd5 4. d4 cxd4 5. Nf3 Nc6 6. Bc4 e6 7. cxd4 d6 8. 0-0 Nb6 9. Bd3 d5 10. Nc3 Be7 11. a3 Bd7 12. Bc2 a6 13. g3 Nc4 14. h4 h6 15. Ne2 b5 16. b3 N4a5 17. Qd3 Qb6 18. Be3 0-0-0 19. Qd2 Rdg8 20. Ne1 f5 21. exf6 gxf6 22. Nf4 Bd6 23. Ned3 Nxd4 24. Bd1 Kb7 25. Qc3 Nac6 26. b4 Bxf4 27. Nxf4 Qc7 28. Bxd4 Qxf4 29. Bxf6 Rh7 30. Kh2 Qc4 1/2-1/2

[Event "Wch U20 50th"]
[Site "Chennai"]
[Date "2011.08.14"]
[Round "12"]
[White "Dusthageer, Ibrahim M"]
[Black "Shreyans, K Shah"]
[Result "1/2-1/2"]
[WhiteElo "2212"]
[BlackElo "2203"]
[PlyCount "54"]
[EventDate "2011.08.02"]
[EventType "swiss"]
[EventRounds "13"]
[EventCountry "IND"]
[SourceTitle "CBM 143 Extra"]
[Source "ChessBase"]
[SourceDate "2011.08.29"]
[SourceVersion "1"]
[SourceVersionDate "2011.08.29"]
[SourceQuality "1"]

1. e4 e6 2. d4 d5 3. Nc3 dxe4 4. Nxe4 Bd7 5. Nf3 Bc6 6. Bd3 Nd7 7. 0-0 Ngf6 8. Bg5 Be7 9. Bxf6 Bxf6 10. c3 0-0 11. Re1 Re8 12. Nxf6+ Qxf6 13. Ne5 Nxe5 14. Rxe5 Rad8 15. Qh5 g6 16. Qg4 Rd5 17. f4 Qg7 18. Rae1 Red8 19. b4 b6 20. Qh4 R5d6 21. R1e3 Bd5 22. Re2 Bc6 23. R2e3 Bd5 24. Re2 Bc6 25. R2e3 Bd5 26. Re2 Bc6 27. R2e3 Bd5 1/2-1/2

[Event "Wch U20 50th"]
[Site "Chennai"]
[Date "2011.08.03"]
[Round "2"]
[White "Dusthageer, Ibrahim M"]
[Black "Ghaledar, Faraz"]
[Result "1-0"]
[WhiteElo "2212"]
[BlackElo "2088"]
[PlyCount "113"]
[EventDate "2011.08.02"]
[EventType "swiss"]
[EventRounds "13"]
[EventCountry "IND"]
[SourceTitle "CBM 143 Extra"]
[Source "ChessBase"]
[SourceDate "2011.08.29"]
[SourceVersion "1"]
[SourceVersionDate "2011.08.29"]
[SourceQuality "1"]

1. e4 e6 2. d4 d5 3. Nc3 Bb4 4. e5 c5 5. a3 Bxc3+ 6. bxc3 Ne7 7. Qg4 0-0 8. Bd3 Qa5 9. Bd2 Nbc6 10. Nf3 f5 11. exf6 Rxf6 12. Qh5 Nf5 13. g4 c4 14. Be2 Nd6 15. 0-0 Bd7 16. Ne5 Be8 17. Nxc6 bxc6 18. Qe5 Ne4 19. Be1 Bg6 20. f3 Nxc3 21. Kg2 c5 22. dxc5 d4 23. Qxd4 Nxe2 24. Qxf6 gxf6 25. Bxa5 Bxc2 26. Ra2 Bd3 27. Re1 Nf4+ 28. Kg3 e5 29. g5 Kf7 30. Rb2 Rg8 31. h4 h6 32. c6 hxg5 33. c7 gxh4+ 34. Kh2 Bf5 35. Rg1 Rc8 36. Rb8 c3 37. Ra1 c2 38. Rc1 Rxc7 39. Bxc7 Ne2 40. Ra1 c1Q 41. Rxc1 Nxc1 42. Rb7 Kg6 43. Rxa7 Nb3 44. Ra6 Nd4 45. Kg2 h3+ 46. Kg3 Bd3 47. Rb6 h2 48. Kxh2 Nxf3+ 49. Kg3 Nd2 50. Bxe5 Kf5 51. Ba1 Ne4+ 52. Kf3 Bf1 53. a4 Bc4 54. Ke3 Bd5 55. a5 Kg6 56. a6 Kf7 57. a7 1-0

[Event "Mumbai Mayors Cup 1st"]
[Site "Mumbai"]
[Date "2008.05.18"]
[Round "10"]
[White "Gagare, Shardul"]
[Black "Dusthageer, Ibrahim M"]
[Result "1-0"]
[WhiteElo "1987"]
[BlackElo "2252"]
[PlyCount "80"]
[EventDate "2008.05.11"]
[EventType "swiss"]
[EventRounds "11"]
[EventCountry "IND"]
[SourceTitle "CBM 124 Extra"]
[Source "ChessBase"]
[SourceDate "2008.07.03"]
[SourceVersion "1"]
[SourceVersionDate "2008.07.03"]
[SourceQuality "1"]

1. c4 Nf6 2. Nc3 e6 3. g3 d5 4. d4 c5 5. cxd5 Nxd5 6. Nf3 cxd4 7. Nxd5 Qxd5 8. Qxd4 Qxd4 9. Nxd4 Bb4+ 10. Bd2 Bxd2+ 11. Kxd2 Ke7 12. Bg2 a5 13. Rac1 Na6 14. Rc3 Rd8 15. Ke3 Rb8 16. Rhc1 Bd7 17. a3 e5 18. Nb3 b6 19. Bc6 Be6 20. Nd2 Nc7 21. Ne4 h6 22. f4 f6 23. fxe5 fxe5 24. Nf2 Bd5 25. Nd3 Kd6 26. Kd2 Bg8 27. Be4 Ne6 28. Rc6+ Ke7 29. Ke3 Bf7 30. Nxe5 Be8 31. R6c3 Rd6 32. Rd3 Rxd3+ 33. exd3 Rd8 34. Nc4 Rb8 35. Ne5 Kf6 36. Nf3 Rd8 37. Rc3 Rd6 38. b4 axb4 39. axb4 h5 40. Nd2 Ke5 1-0

[Event "Mumbai Mayors Cup 1st"]
[Site "Mumbai"]
[Date "2008.05.17"]
[Round "9"]
[White "Dusthageer, Ibrahim M"]
[Black "Gusain, Himal"]
[Result "0-1"]
[WhiteElo "2252"]
[BlackElo "2070"]
[PlyCount "98"]
[EventDate "2008.05.11"]
[EventType "swiss"]
[EventRounds "11"]
[EventCountry "IND"]
[SourceTitle "CBM 124 Extra"]
[Source "ChessBase"]
[SourceDate "2008.07.03"]
[SourceVersion "1"]
[SourceVersionDate "2008.07.03"]
[SourceQuality "1"]

1. e4 c5 2. Nf3 e6 3. d4 cxd4 4. Nxd4 a6 5. Nc3 Qc7 6. Bd3 Nf6 7. 0-0 Bc5 8. Nb3 Be7 9. f4 d6 10. Kh1 b5 11. a3 Bb7 12. Be3 Nbd7 13. Qe2 0-0 14. Rad1 Rac8 15. Bd4 e5 16. Bg1 Rfe8 17. f5 Nb6 18. Bxb6 Qxb6 19. g4 d5 20. Nd2 b4 21. axb4 Bxb4 22. Nxd5 Nxd5 23. exd5 Bxd2 24. Rxd2 e4 25. Bxe4 Qb4 26. Re1 Rc4 27. c3 Qb5 28. Kg1 Rcxe4 29. Qxe4 Rxe4 30. Rxe4 h5 31. Red4 hxg4 32. d6 Qd7 33. Re2 Bc6 34. Re5 Kh7 35. Rc5 Bb5 36. b4 Qe8 37. Rxb5 axb5 38. d7 Qd8 39. Rd6 f6 40. Rd5 g6 41. fxg6+ Kxg6 42. h3 gxh3 43. Kh2 Kf7 44. Kxh3 Ke6 45. Rxb5 Qxd7 46. Rc5 f5 47. b5 Qd3+ 48. Kh4 Qe4+ 49. Kh5 Qh1+ 0-1

[Event "Mumbai Mayors Cup 1st"]
[Site "Mumbai"]
[Date "2008.05.15"]
[Round "7"]
[White "Dusthageer, Ibrahim M"]
[Black "Konguvel, Ponnuswamy"]
[Result "0-1"]
[WhiteElo "2252"]
[BlackElo "2373"]
[PlyCount "40"]
[EventDate "2008.05.11"]
[EventType "swiss"]
[EventRounds "11"]
[EventCountry "IND"]
[SourceTitle "CBM 124 Extra"]
[Source "ChessBase"]
[SourceDate "2008.07.03"]
[SourceVersion "1"]
[SourceVersionDate "2008.07.03"]
[SourceQuality "1"]

1. e4 c5 2. Nf3 d6 3. d4 cxd4 4. Nxd4 Nf6 5. Nc3 g6 6. Be3 Bg7 7. f3 Nc6 8. Qd2 0-0 9. 0-0-0 d5 10. exd5 Nxd5 11. Nxc6 bxc6 12. Nxd5 cxd5 13. Bh6 Bxh6 14. Qxh6 Rb8 15. h4 Qb6 16. b3 Ba6 17. Bxa6 Qxa6 18. h5 Rfc8 19. a4 Rxb3 20. hxg6 Rxc2+ 0-1

[Event "Mumbai Mayors Cup 1st"]
[Site "Mumbai"]
[Date "2008.05.13"]
[Round "4"]
[White "Akshay, H Bhor"]
[Black "Dusthageer, Ibrahim M"]
[Result "0-1"]
[WhiteElo "1974"]
[BlackElo "2252"]
[PlyCount "144"]
[EventDate "2008.05.11"]
[EventType "swiss"]
[EventRounds "11"]
[EventCountry "IND"]
[SourceTitle "CBM 124 Extra"]
[Source "ChessBase"]
[SourceDate "2008.07.03"]
[SourceVersion "1"]
[SourceVersionDate "2008.07.03"]
[SourceQuality "1"]

1. d4 Nf6 2. Nf3 d5 3. Bg5 Nbd7 4. Nbd2 h6 5. Bh4 c6 6. e3 g6 7. Bd3 Bg7 8. 0-0 0-0 9. Ne5 Nxe5 10. dxe5 Ng4 11. c3 Nxe5 12. Bc2 f5 13. Qe2 Nf7 14. f4 Qd6 15. Rad1 e5 16. Bg3 Qe7 17. Qf2 Bd7 18. Rfe1 Rae8 19. Nf3 Kh7 20. Kh1 e4 21. Nd4 Rc8 22. Bb3 Nd6 23. Rc1 b5 24. Rg1 Bf6 25. Qd2 Rfd8 26. Bf2 Kg7 27. a3 c5 28. Ne2 Be6 29. Rcd1 Nb7 30. Qc2 c4 31. Ba2 Nc5 32. Nd4 Bd7 33. Qe2 Nd3 34. Bb1 a5 35. Bxd3 cxd3 36. Qd2 Rc7 37. Ra1 Rdc8 38. Rgc1 Qc5 39. Kg1 Qb6 40. Be1 Kf7 41. Kf1 Rc4 42. h3 Qc7 43. g3 Be7 44. Qf2 Rb8 45. b3 Rc5 46. b4 Rc4 47. Qb2 Bf6 48. Bd2 g5 49. Kf2 Rg8 50. Rg1 gxf4 51. gxf4 Bh4+ 52. Kf1 Qd8 53. Be1 Rxg1+ 54. Kxg1 Bxe1 55. Rxe1 Qh4 56. Rc1 Qg3+ 57. Kh1 Qxh3+ 58. Qh2 Qxh2+ 59. Kxh2 Rxc3 60. Rxc3 d2 61. Rc7 Ke8 62. bxa5 d1Q 63. a6 Qd2+ 64. Kh1 Qa5 65. a7 Qa6 66. Nb3 Bc6 67. Nc5 Qb6 68. Ne6 Bb7 69. Rxb7 Qxb7 70. a8Q+ Qxa8 71. Nc7+ Kd7 72. Nxa8 Kc6 0-1